白河夜船
| 資料類型: | 圖書 | 書目號: | 18643 |
Leader xxxxxxxxxx 001 __ PCLIS00018643 005 __ 20230322142502.0 010 0_ |a957-626-009-4|b平裝|dNT$140 100 __ |a19980826d1989 m y0chiy09 e 101 1_ |achi|cjpn 200 1_ |a白河夜船|f吉本芭娜娜著 205 __ |a初版 210 __ |a臺北市|c故鄉|d1989[民78] 215 0_ |a187面|d21公分 225 1_ |a大眾文學系列|v13 300 __ |a作者號由adm誤取8466,由t561修正 606 __ |2cst|a短篇小說 681 __ |a861.57|b8446 681 __ |a857.6|b8466 88 700 _1 |a吉本|b芭娜娜|f1964- |4作 801 _0 |atw|b內湖高中|c20010622|gCCR 801 _2 |atw|b內湖高中|c20230322|gCCR |